书目信息 |
| 题名: |
NOVELL网络实际操作
|
|
| 作者: | 陈明德 编著 | |
| 分册: | ||
| 出版信息: | 北京 人民邮电出版社 1995.06 |
|
| 页数: | 312页 | |
| 开本: | 16开 | |
| 丛书名: | ||
| 单 册: | ||
| 中图分类: | TP393.1 | |
| 科图分类: | ||
| 主题词: | 计算机应用 | |
| 电子资源: | ||
| ISBN: | 7-115-05589-0 | |
| 000 | 00617nam0 2200205 45 | |
| 001 | 0305251689 | |
| 005 | 20030525162530.1 | |
| 010 | @a7-115-05589-0@d31.00元 | |
| 100 | @a20030525d1995 km y0chiy0120 ea | |
| 101 | 0 | @achi |
| 105 | @a z 000yy | |
| 200 | 1 | @aNOVELL网络实际操作@ANOVELL Wang Luo Shi Ji Cao Zuo@e提高篇@ETi Gao Pian@f陈明德 编著@FChen Ming De Bian Zhu |
| 210 | @a北京@c人民邮电出版社@d1995.06 | |
| 215 | @a312页@d16开 | |
| 517 | @a提高篇@ATi Gao Pian | |
| 606 | 0 | @a计算机应用 |
| 690 | @aTP393.1@v3 | |
| 701 | 0 | @a陈明德@4编著 |
| 801 | @aCN@bPftUser@c20030525 | |
| 905 | @aBZT@b78576@dTP393.1@e1@f1 | |
| NOVELL网络实际操作:提高篇/陈明德 编著.-北京:人民邮电出版社,1995.06 |
| 312页;16开 |
| ISBN 7-115-05589-0:31.00元 |
| ● |
| 相关链接 |
|
|
|
正题名:NOVELL网络实际操作
索取号:TP393.1/1
 
预约/预借
| 序号 | 登录号 | 条形码 | 馆藏地/架位号 | 状态 | 备注 |
| 1 | 78576 | 200644981 | 中心书库中库/ 中库026架A面1列7层3/ [索取号:TP393.1/1] | 在馆 |